[Event "DSOL 01 Liga Gr-C 1st"]
[Site "Playchess.com INT"]
[Date "2020.08.14"]
[Round "2.2"]
[White "Amos, Frank"]
[Black "Bodnar, Alexander"]
[Result "0-1"]
[WhiteElo "2060"]
[BlackElo "2143"]
[PlyCount "104"]
[EventDate "2020.06.22"]
[EventType "team-tourn (rapid)"]
[EventCountry "GER"]
[SourceTitle "EXT 2021"]
[Source "ChessBase"]
[SourceDate "2020.10.23"]
[SourceVersion "1"]
[SourceVersionDate "2020.10.23"]
[SourceQuality "1"]
[WhiteTeam "Lauffen"]
[BlackTeam "Norderstedt II"]
[WhiteTeamCountry "GER"]
[BlackTeamCountry "GER"]

1. e4 c5 2. Nc3 Nc6 3. f4 g6 4. Nf3 Bg7 5. Bc4 d6 6. 0-0 Nf6 7. d3 0-0 8. Qe1 e6 9. Qh4 d5 10. Bb3 c4 11. exd5 cxb3 12. dxc6 bxc2 13. d4 bxc6 14. Rf2 c5 15. dxc5 Bb7 16. Rxc2 Bxf3 17. gxf3 Qd3 18. Qf2 Ne4 19. Qe2 Nxc5 20. Be3 Qxe2 21. Nxe2 Nd3 22. Rb1 a5 23. b3 Nb4 24. Rd2 Rfc8 25. Rbd1 Nd5 26. Bd4 a4 27. Bxg7 Kxg7 28. Kf2 axb3 29. axb3 Rcb8 30. Rb1 Ra3 31. Rdb2 Rb4 32. Kg3 Kf6 33. Kg4 g5 34. Kg3 gxf4+ 35. Kf2 Ke5 36. Nc1 Rd4 37. Na2 Rd3 38. Nc1 Rd1 39. Re2+ Kd6 40. Re1 Rxe1 41. Kxe1 e5 42. Kd2 f5 43. Kd3 h5 44. Rb2 Ra1 45. Kd2 e4 46. b4 Ra3 47. fxe4 fxe4 48. b5 Kc5 49. Na2 e3+ 50. Ke2 Rxa2 51. Rxa2 Nc3+ 52. Kf3 Nxa2 0-1

[Event "DSOL 01 Liga Gr-C 1st"]
[Site "Playchess.com INT"]
[Date "2020.08.07"]
[Round "7.2"]
[White "Amos, Frank"]
[Black "Woelk, Tom Frederic"]
[Result "0-1"]
[WhiteElo "2060"]
[BlackElo "2190"]
[PlyCount "54"]
[EventDate "2020.06.22"]
[EventType "team-tourn (rapid)"]
[EventCountry "GER"]
[SourceTitle "EXT 2021"]
[Source "ChessBase"]
[SourceDate "2020.10.23"]
[SourceVersion "1"]
[SourceVersionDate "2020.10.23"]
[SourceQuality "1"]
[WhiteTeam "Lauffen"]
[BlackTeam "Hamburger SK"]
[WhiteTeamCountry "GER"]
[BlackTeamCountry "GER"]

1. e4 c5 2. Nc3 Nc6 3. f4 g6 4. Nf3 Bg7 5. Bc4 e6 6. d3 Nge7 7. 0-0 0-0 8. Qe1 Nd4 9. Nxd4 cxd4 10. Ne2 d5 11. Bb3 a5 12. a4 dxe4 13. dxe4 d3 14. Ng3 dxc2 15. Bxc2 Bxb2 16. Bxb2 Qb6+ 17. Rf2 Qxb2 18. f5 Qe5 19. f6 Nc6 20. Rd1 h6 21. Qd2 Kh7 22. Qc1 b6 23. Kh1 Nb4 24. Bb1 Ba6 25. Qe3 Rfd8 26. Rg1 Rd6 27. Rf4 Nd5 0-1

[Event "Wuerttemberg-ch"]
[Site "Stuttgart"]
[Date "2016.09.04"]
[Round "9"]
[White "Kunert, Guenter"]
[Black "Amos, Frank"]
[Result "0-1"]
[WhiteElo "2032"]
[BlackElo "2075"]
[PlyCount "76"]
[EventDate "2016.08.27"]
[EventType "swiss"]
[EventRounds "9"]
[EventCountry "GER"]
[SourceTitle "EXT 2017"]
[Source "ChessBase"]
[SourceDate "2016.10.25"]
[SourceVersion "1"]
[SourceVersionDate "2016.10.25"]
[SourceQuality "1"]

1. e4 e5 2. Nf3 Nc6 3. Bb5 Bc5 4. 0-0 Nf6 5. d3 d6 6. c3 0-0 7. Nbd2 a6 8. Ba4 Ba7 9. h3 Ne7 10. Re1 b5 11. Bc2 c5 12. Nf1 Ne8 13. Ng3 f5 14. Bb3+ Kh8 15. Ng5 c4 16. dxc4 f4 17. Nf1 Ng6 18. Nf3 Nh4 19. cxb5 axb5 20. N1h2 Qb6 21. Qd2 Nxf3+ 22. Nxf3 Bb7 23. Re2 h6 24. Bd5 Bxd5 25. Qxd5 Nf6 26. Qd3 g5 27. Bd2 Rg8 28. a4 g4 29. hxg4 Nxg4 30. Be1 Qd8 31. Rd1 Rg6 32. axb5 Qe7 33. Kf1 Rag8 34. Rc2 Qg7 35. Nh4 Nh2+ 36. Ke2 Rxg2 37. Nxg2 Qxg2 38. Kd2 Be3+ 0-1

[Event "Wuerttemberg-ch"]
[Site "Stuttgart"]
[Date "2016.08.27"]
[Round "1"]
[White "Grill, Bernd"]
[Black "Amos, Frank"]
[Result "1/2-1/2"]
[WhiteElo "2238"]
[BlackElo "2075"]
[PlyCount "37"]
[EventDate "2016.08.27"]
[EventType "swiss"]
[EventRounds "9"]
[EventCountry "GER"]
[SourceTitle "CBM 174 Extra"]
[Source "ChessBase"]
[SourceDate "2016.10.10"]
[SourceVersion "1"]
[SourceVersionDate "2016.10.10"]
[SourceQuality "1"]

1. c4 e5 2. g3 Nc6 3. Nc3 g6 4. Bg2 Bg7 5. e4 d6 6. d3 h5 7. h4 Nd4 8. Nce2 Bg4 9. f3 Nxe2 10. Nxe2 Be6 11. Be3 Qd7 12. Rc1 c5 13. Qd2 Ne7 14. b4 b6 15. f4 Bg4 16. fxe5 Bxe2 17. Kxe2 Bxe5 18. Bh3 Qc7 19. g4 1/2-1/2

[Event "Reykjavik op"]
[Site "Reykjavik"]
[Date "2016.03.13"]
[Round "7"]
[White "Amos, Frank"]
[Black "Erikstad, Olav Age"]
[Result "1-0"]
[WhiteElo "2101"]
[BlackElo "1838"]
[PlyCount "47"]
[EventDate "2016.03.08"]
[EventType "swiss"]
[EventRounds "10"]
[EventCountry "ISL"]
[SourceTitle "CBM 171 Extra"]
[Source "ChessBase"]
[SourceDate "2016.04.26"]
[SourceVersion "1"]
[SourceVersionDate "2016.04.26"]
[SourceQuality "1"]

1. e4 c6 2. d4 d5 3. f3 e6 4. c3 dxe4 5. Nd2 exf3 6. Ndxf3 Bd7 7. Bd3 c5 8. Ne2 Nc6 9. 0-0 cxd4 10. cxd4 Bd6 11. Nc3 Rc8 12. Ne4 Bb8 13. b3 Qb6 14. Kh1 Nb4 15. Bc4 Bc6 16. Nfg5 Bxe4 17. Nxe4 Nd5 18. Bxd5 exd5 19. Qg4 Rc2 20. Nc5 Nf6 21. Rxf6 Rxc1+ 22. Rxc1 Qc7 23. Re1+ Kd8 24. Rd6+ 1-0

[Event "Gibraltar Masters 14th"]
[Site "Caleta"]
[Date "2016.01.26"]
[Round "1"]
[White "Zhukova, Natalia"]
[Black "Amos, Frank"]
[Result "1-0"]
[WhiteElo "2484"]
[BlackElo "2118"]
[PlyCount "107"]
[EventDate "2016.01.26"]
[EventType "swiss"]
[EventRounds "10"]
[EventCountry "GGB"]
[SourceTitle "CBM 171"]
[Source "ChessBase"]
[SourceDate "2016.03.14"]
[SourceVersion "2"]
[SourceVersionDate "2016.03.14"]
[SourceQuality "1"]

1. d4 g6 2. e4 Bg7 3. c4 d6 4. Nc3 Nc6 5. Be3 e5 6. Nge2 f5 7. exf5 gxf5 8. dxe5 dxe5 9. Qxd8+ Nxd8 10. f4 Nf6 11. h3 0-0 12. fxe5 Nd7 13. Nd5 Bxe5 14. Ne7+ Kg7 15. 0-0-0 Nf6 16. Nxc8 Rxc8 17. Nf4 Re8 18. Bd3 Bxb2+ 19. Kxb2 Rxe3 20. Bxf5 Rb8 21. g4 Nf7 22. Ne6+ Kh8 23. Nxc7 Ne5 24. Rd4 a5 25. Rhd1 Ng8 26. g5 Rf8 27. Be6 Rf2+ 28. R1d2 Ree2 29. Rxe2 Rxe2+ 30. Kb1 Ne7 31. Rd8+ Kg7 32. Rb8 Kg6 33. Nd5 Nd3 34. Nxe7+ Kxg5 35. Bf5 Re1+ 36. Kc2 Nb4+ 37. Kd2 Rxe7 38. Bb1 Kh4 39. Rh8 Kxh3 40. a3 Na6 41. Rxh7+ Rxh7 42. Bxh7 Nc5 43. Ke3 Kg4 44. Kd4 Nb3+ 45. Kd5 Kf4 46. Bc2 Nd2 47. c5 Nf3 48. Bd3 Ne5 49. Bf1 Nc6 50. Ba6 Ne7+ 51. Ke6 Ke4 52. Kxe7 Kd5 53. Bxb7+ Kxc5 54. a4 1-0

[Event "Wuerttemberg-ch MT"]
[Site "Stuttgart"]
[Date "2015.09.04"]
[Round "7"]
[White "Hoeglauer, Patrick"]
[Black "Amos, Frank"]
[Result "1/2-1/2"]
[WhiteElo "2168"]
[BlackElo "2106"]
[PlyCount "120"]
[EventDate "2015.08.29"]
[EventType "swiss"]
[EventRounds "9"]
[EventCountry "GER"]
[SourceTitle "EXT 2017"]
[Source "ChessBase"]
[SourceDate "2016.10.25"]
[SourceVersion "1"]
[SourceVersionDate "2016.10.25"]
[SourceQuality "1"]

1. e4 c5 2. Nc3 e6 3. f4 a6 4. g3 d5 5. d3 b5 6. Bg2 Nf6 7. Qe2 Nc6 8. Nf3 Be7 9. 0-0 0-0 10. e5 Ne8 11. Nd1 g6 12. c4 Bb7 13. cxd5 Qxd5 14. Nc3 Nd4 15. Nxd4 Qxg2+ 16. Qxg2 Bxg2 17. Kxg2 cxd4 18. Ne2 Bc5 19. Bd2 Ng7 20. Rac1 Rfc8 21. b4 Bb6 22. g4 h5 23. h3 hxg4 24. hxg4 Ne8 25. Kf3 f5 26. exf6 Nxf6 27. Rxc8+ Rxc8 28. Rc1 Rb8 29. g5 Nd5 30. Ke4 Rd8 31. a3 Ne7 32. Be1 Kf7 33. Bf2 Rh8 34. Bxd4 Rh2 35. Bxb6 Rxe2+ 36. Kf3 Rd2 37. Rc3 Nd5 38. Rc6 Rxd3+ 39. Ke4 Rxa3 40. Bc5 Ra2 41. Rd6 a5 42. bxa5 Rxa5 43. Rd7+ Ke8 44. Rd6 Ra4+ 45. Ke5 Nxf4 46. Kf6 Re4 47. Bb6 Nd5+ 48. Kxg6 b4 49. Rd8+ Ke7 50. Ra8 Rc4 51. Bd8+ Kd7 52. Ba5 Ne7+ 53. Kf6 Rf4+ 54. Kg7 Nd5 55. g6 e5 56. Kh6 Rh4+ 57. Kg5 Rh1 58. g7 Rg1+ 59. Kf5 Kc6 60. g8Q Rxg8 1/2-1/2

[Event "Gibraltar Masters 13th"]
[Site "Caleta"]
[Date "2015.02.04"]
[Round "9"]
[White "Amos, Frank"]
[Black "Menna Barreto, Felipe Kubiaki"]
[Result "0-1"]
[WhiteElo "2097"]
[BlackElo "2247"]
[PlyCount "94"]
[EventDate "2015.01.27"]
[EventType "swiss"]
[EventRounds "10"]
[EventCountry "GGB"]
[SourceTitle "CBM 165"]
[Source "ChessBase"]
[SourceDate "2015.03.11"]
[SourceVersion "1"]
[SourceVersionDate "2015.03.11"]
[SourceQuality "1"]

1. e4 c5 2. Nc3 e6 3. Nf3 Nc6 4. d4 cxd4 5. Nxd4 Qc7 6. f4 a6 7. Nxc6 bxc6 8. Bd3 d5 9. 0-0 Bc5+ 10. Kh1 Nf6 11. Qe1 Bb7 12. Bd2 h5 13. Na4 Ba7 14. f5 Bb8 15. Bf4 e5 16. Bd2 dxe4 17. Ba5 Qe7 18. Bxe4 h4 19. Bb4 Bd6 20. Bxd6 Qxd6 21. Rd1 Qe7 22. Nb6 h3 23. Nc4 Rd8 24. Rxd8+ Kxd8 25. Na5 Kc7 26. gxh3 Nxe4 27. Qxe4 Ba8 28. Qc4 c5+ 29. Kg1 Qg5+ 30. Kf2 Qd2+ 31. Qe2 Qxa5 32. Qxe5+ Kc8 33. Rd1 Qc7 34. Rd6 Rd8 35. Rxd8+ Kxd8 36. Qxg7 Qf4+ 37. Ke2 Qe4+ 38. Kd2 Qg2+ 39. Qxg2 Bxg2 40. Ke3 Ke7 41. c3 Bxh3 42. b4 cxb4 43. cxb4 Bxf5 44. a4 Bd7 45. a5 f5 46. Kf4 Kf6 47. h4 Be8 0-1

[Event "Gibraltar Masters 13th"]
[Site "Caleta"]
[Date "2015.02.03"]
[Round "8"]
[White "Plotkin, Victor"]
[Black "Amos, Frank"]
[Result "1-0"]
[WhiteElo "2306"]
[BlackElo "2097"]
[PlyCount "41"]
[EventDate "2015.01.27"]
[EventType "swiss"]
[EventRounds "10"]
[EventCountry "GGB"]
[SourceTitle "CBM 165"]
[Source "ChessBase"]
[SourceDate "2015.03.11"]
[SourceVersion "1"]
[SourceVersionDate "2015.03.11"]
[SourceQuality "1"]

1. e4 e6 2. d4 d5 3. exd5 exd5 4. Nf3 Bd6 5. c4 c6 6. Bd3 Nf6 7. 0-0 0-0 8. Bg5 dxc4 9. Bxc4 h6 10. Bh4 Nbd7 11. Nc3 Nb6 12. Bb3 Bg4 13. h3 Bxf3 14. Qxf3 Be7 15. Rfe1 Nfd5 16. Bg3 Bb4 17. Be5 Ne7 18. Qg3 g6 19. Bf6 Nbd5 20. Bxd5 cxd5 21. Qh4 1-0

[Event "Gibraltar Masters 13th"]
[Site "Caleta"]
[Date "2015.01.27"]
[Round "1"]
[White "Amos, Frank"]
[Black "Al Sayed, Mohammed"]
[Result "0-1"]
[WhiteElo "2097"]
[BlackElo "2516"]
[PlyCount "116"]
[EventDate "2015.01.27"]
[EventType "swiss"]
[EventRounds "10"]
[EventCountry "GGB"]
[SourceTitle "CBM 165"]
[Source "ChessBase"]
[SourceDate "2015.03.11"]
[SourceVersion "1"]
[SourceVersionDate "2015.03.11"]
[SourceQuality "1"]

1. e4 c5 2. Nf3 d6 3. d4 cxd4 4. Nxd4 Nf6 5. Nc3 a6 6. Be3 Nbd7 7. g4 h6 8. Bg2 g6 9. h3 Bg7 10. f4 0-0 11. f5 Ne5 12. b3 Qa5 13. Qd2 Bd7 14. Nd5 Qxd2+ 15. Kxd2 Nxd5 16. exd5 gxf5 17. gxf5 Kh7 18. Be4 Bf6 19. Rag1 Rg8 20. Rxg8 Rxg8 21. Rg1 Rxg1 22. Bxg1 Bg5+ 23. Kc3 Kg7 24. Bf2 Kf6 25. Kb2 Bc8 26. c3 Nd7 27. Nf3 Bf4 28. Bh4+ Kg7 29. Bxe7 Nf6 30. Bd3 Nxd5 31. Bd8 Ne3 32. Nd4 Be5 33. Bb6 Nd5 34. Bd8 Bf6 35. Be4 Nf4 36. Bc7 Be7 37. h4 Kf6 38. Nf3 Ne2 39. Bb6 Kg7 40. Kc2 Ng3 41. Kd3 Nxf5 42. Bf2 h5 43. a4 Nh6 44. b4 Bf5 45. Bxf5 Nxf5 46. Ke4 Nh6 47. Bd4+ Kf8 48. b5 axb5 49. axb5 Ke8 50. Bg7 Ng4 51. Bd4 Kd7 52. c4 Ke6 53. Ng5+ Bxg5 54. hxg5 h4 55. Kf4 Ne5 56. c5 Nd3+ 57. Kg4 dxc5 58. Bc3 Nb4 0-1

[Event "Wuerttemberg-ch MT"]
[Site "Gruenbach"]
[Date "2014.09.01"]
[Round "3"]
[White "Kabisch, Thilo"]
[Black "Amos, Frank"]
[Result "1-0"]
[WhiteElo "2246"]
[BlackElo "2094"]
[PlyCount "95"]
[EventDate "2014.08.30"]
[EventType "swiss"]
[EventRounds "9"]
[EventCountry "GER"]
[SourceTitle "EXT 2017"]
[Source "ChessBase"]
[SourceDate "2016.10.25"]
[SourceVersion "1"]
[SourceVersionDate "2016.10.25"]
[SourceQuality "1"]

1. e4 e5 2. Nf3 Nc6 3. Bb5 a6 4. Ba4 Nf6 5. 0-0 Nxe4 6. d4 b5 7. Bb3 d5 8. dxe5 Be6 9. c3 Be7 10. Nbd2 0-0 11. Bc2 Nxd2 12. Qxd2 Qd7 13. Qd3 g6 14. Bh6 Rfe8 15. Rfe1 Bf5 16. Qd2 Bxc2 17. Qxc2 Nd8 18. Rad1 Ne6 19. Re3 Rad8 20. h4 Qc6 21. Red3 Qb7 22. Qd2 c6 23. Bg5 Nc5 24. Rd4 Ne4 25. Qf4 Nxg5 26. hxg5 Bc5 27. R4d3 Qe7 28. Re1 Qe6 29. Nh2 Qf5 30. Qg3 Bxf2+ 31. Qxf2 Qxd3 32. Ng4 Kf8 33. Nh6 f5 34. gxf6 d4 35. e6 Rxe6 36. Rxe6 Qd1+ 37. Re1 Qh5 38. Qe2 Qxe2 39. Rxe2 d3 40. Rd2 c5 41. b3 c4 42. bxc4 bxc4 43. Ng4 Re8 44. Kf2 Re6 45. Rb2 h5 46. Ne3 Rxf6+ 47. Ke1 Rf4 48. Rf2 1-0

[Event "Gibraltar Challengers-B 12th"]
[Site "Caleta"]
[Date "2014.02.04"]
[Round "4"]
[White "Janev, Pavel"]
[Black "Amos, Frank"]
[Result "1-0"]
[WhiteElo "2203"]
[BlackElo "2090"]
[PlyCount "55"]
[EventDate "2014.02.01"]
[EventType "swiss"]
[EventRounds "5"]
[EventCountry "GGB"]
[SourceTitle "CBM 158 Extra"]
[Source "ChessBase"]
[SourceDate "2014.02.28"]
[SourceVersion "1"]
[SourceVersionDate "2014.02.28"]
[SourceQuality "1"]

1. e4 e5 2. Bc4 Nf6 3. Nc3 Nxe4 4. Qh5 Nd6 5. Bb3 g6 6. Qxe5+ Qe7 7. Nf3 Qxe5+ 8. Nxe5 Bg7 9. d4 c6 10. Bf4 0-0 11. Nxg6 hxg6 12. Bxd6 Re8+ 13. Kd2 Bxd4 14. Rae1 Re6 15. Bxe6 dxe6 16. Ne4 Nd7 17. f4 b6 18. h4 Nf6 19. Nxf6+ Bxf6 20. Be5 Be7 21. Kc1 Bd7 22. Rd1 Be8 23. g4 c5 24. g5 Bc6 25. Rh3 Bg2 26. Rh2 Bf3 27. Rd7 Kf8 28. Bf6 1-0

[Event "Wuerttemberg-ch MT"]
[Site "Bisingen"]
[Date "2013.09.08"]
[Round "9"]
[White "Latzke, Boris Alexander"]
[Black "Amos, Frank"]
[Result "1-0"]
[WhiteElo "2244"]
[BlackElo "2061"]
[PlyCount "57"]
[EventDate "2013.08.31"]
[EventType "swiss"]
[EventRounds "9"]
[EventCountry "GER"]
[SourceTitle "EXT 2017"]
[Source "ChessBase"]
[SourceDate "2016.10.25"]
[SourceVersion "1"]
[SourceVersionDate "2016.10.25"]
[SourceQuality "1"]

1. d4 d5 2. c4 e6 3. Nf3 Nf6 4. Nc3 Be7 5. cxd5 exd5 6. Bg5 0-0 7. e3 c6 8. Bd3 h6 9. Bh4 Re8 10. Qc2 Nh5 11. Bxe7 Qxe7 12. 0-0 Nd7 13. Rab1 b6 14. e4 Bb7 15. Rfe1 Qd8 16. exd5 Rxe1+ 17. Rxe1 cxd5 18. Bh7+ Kh8 19. Bf5 Ndf6 20. Ne5 Qc7 21. Qd2 Ne4 22. Nxe4 dxe4 23. Rc1 Qe7 24. Bg6 Nf6 25. Bxf7 Kh7 26. Qf4 g6 27. Bxg6+ Kg7 28. Bf5 Ne8 29. Rc3 1-0

[Event "Wuerttemberg-ch MT"]
[Site "Bisingen"]
[Date "2013.09.03"]
[Round "4"]
[White "Schmidt, Martin5555"]
[Black "Amos, Frank"]
[Result "1/2-1/2"]
[WhiteElo "2053"]
[BlackElo "2061"]
[PlyCount "106"]
[EventDate "2013.08.31"]
[EventType "swiss"]
[EventRounds "9"]
[EventCountry "GER"]
[SourceTitle "EXT 2017"]
[Source "ChessBase"]
[SourceDate "2016.10.25"]
[SourceVersion "1"]
[SourceVersionDate "2016.10.25"]
[SourceQuality "1"]

1. e4 e5 2. Nf3 Nc6 3. Bb5 Nf6 4. 0-0 Bc5 5. c3 0-0 6. d4 Bb6 7. Bg5 h6 8. Bh4 d6 9. Bxc6 bxc6 10. dxe5 dxe5 11. Qxd8 Rxd8 12. Nxe5 g5 13. Nxc6 Re8 14. e5 Ne4 15. Bg3 h5 16. Nd4 h4 17. f3 Nxg3 18. hxg3 hxg3 19. Nd2 Ba6 20. Ne4 Rxe5 21. Rfe1 Kg7 22. Nxg3 f6 23. a4 Rae8 24. Kf2 Bd3 25. Red1 Bc4 26. Ne4 Kg6 27. g4 a5 28. Kg3 Bd5 29. Nf2 c6 30. c4 Bxc4 31. Ne4 Bc7 32. Kg2 Rb8 33. Rd2 Rh8 34. Rh1 Rxh1 35. Kxh1 Bd5 36. Nc3 Re1+ 37. Kg2 Bf4 38. Re2 Rxe2+ 39. Ndxe2 Be3 40. Nxd5 cxd5 41. Kf1 f5 42. Ng3 fxg4 43. fxg4 Kf6 44. Ke2 Bc1 45. b3 Ke5 46. Kd3 Ba3 47. Ne2 Bb4 48. Ke3 Be1 49. Nc1 d4+ 50. Kf3 Kd5 51. Nd3 Bd2 52. Ke2 Bc3 53. Kf3 Bd2 1/2-1/2

[Event "Wuerttemberg-ch MT"]
[Site "Illertissen"]
[Date "2012.09.02"]
[Round "9"]
[White "Namyslo, Holger"]
[Black "Amos, Frank"]
[Result "1-0"]
[WhiteElo "2248"]
[BlackElo "2133"]
[PlyCount "77"]
[EventDate "2012.08.25"]
[EventType "swiss"]
[EventRounds "9"]
[EventCountry "GER"]
[SourceTitle "EXT 2017"]
[Source "ChessBase"]
[SourceDate "2016.10.25"]
[SourceVersion "1"]
[SourceVersionDate "2016.10.25"]
[SourceQuality "1"]

1. e4 e5 2. Nf3 Nc6 3. Bc4 Bc5 4. 0-0 Nf6 5. d4 Nxd4 6. Nxe5 Qe7 7. Nxf7 d5 8. Nxh8 Bg4 9. Qd2 dxc4 10. Nc3 0-0-0 11. Qg5 Ne2+ 12. Nxe2 Bxe2 13. Nf7 Bxf2+ 14. Kh1 Bxf1 15. Nxd8 Kxd8 16. Qd2+ Bd3 17. cxd3 Bd4 18. Qe2 Qe5 19. dxc4 Nxe4 20. Be3 Nd6 21. Re1 Bxe3 22. Qxe3 Qxe3 23. Rxe3 Nxc4 24. Rd3+ Nd6 25. g4 Ke7 26. Kg2 c5 27. Kg3 a6 28. Kf4 h6 29. h4 b5 30. h5 a5 31. Rd5 Nb7 32. Kf5 b4 33. b3 a4 34. Ke5 axb3 35. axb3 Na5 36. Rxc5 Nxb3 37. Rb5 Nc1 38. Rb7+ Kf8 39. Ke6 1-0

[Event "Wuerttemberg-ch MT"]
[Site "Illertissen"]
[Date "2012.09.01"]
[Round "8"]
[White "Amos, Frank"]
[Black "Foerster, Bernhard"]
[Result "1/2-1/2"]
[WhiteElo "2133"]
[BlackElo "2176"]
[PlyCount "28"]
[EventDate "2012.08.25"]
[EventType "swiss"]
[EventRounds "9"]
[EventCountry "GER"]
[SourceTitle "EXT 2017"]
[Source "ChessBase"]
[SourceDate "2016.10.25"]
[SourceVersion "1"]
[SourceVersionDate "2016.10.25"]
[SourceQuality "1"]

1. e4 e6 2. d4 d5 3. exd5 exd5 4. Bd3 Bd6 5. Nf3 Ne7 6. c3 Nbc6 7. Bg5 Bg4 8. Nbd2 Qd7 9. Qc2 f6 10. Bh4 Bf5 11. Bg3 Bxd3 12. Qxd3 Bxg3 13. hxg3 Qf5 14. Qxf5 Nxf5 1/2-1/2

[Event "GER-ch 83rd"]
[Site "Osterburg"]
[Date "2012.03.09"]
[Round "8"]
[White "Koehler, Gerhard"]
[Black "Amos, Frank"]
[Result "1-0"]
[WhiteElo "2122"]
[BlackElo "2162"]
[PlyCount "81"]
[EventDate "2012.03.02"]
[EventType "swiss"]
[EventRounds "9"]
[EventCountry "GER"]
[SourceTitle "CBM 147 Extra"]
[Source "ChessBase"]
[SourceDate "2012.04.24"]
[SourceVersion "1"]
[SourceVersionDate "2012.04.24"]
[SourceQuality "1"]

1. c4 g6 2. Nc3 Bg7 3. g3 e5 4. Bg2 Nc6 5. d3 d6 6. e3 f5 7. Nge2 Nf6 8. Rb1 a5 9. Nd5 Ne7 10. Nec3 c6 11. Nxf6+ Bxf6 12. b3 0-0 13. 0-0 g5 14. d4 Ng6 15. Ba3 Re8 16. dxe5 dxe5 17. Qc2 Qc7 18. Rbd1 Be6 19. Na4 Qf7 20. Bd6 f4 21. Nc5 Bc8 22. Ne4 Be7 23. Bxe7 Qxe7 24. Nd6 Rf8 25. exf4 gxf4 26. Rfe1 Bg4 27. Rd2 f3 28. Bf1 c5 29. h3 Rad8 30. hxg4 Rxd6 31. Rxd6 Qxd6 32. Rd1 Qe6 33. Qe4 Rf7 34. Rd5 b6 35. Kh2 Qf6 36. Qe3 Re7 37. g5 Qf5 38. Bh3 Qc2 39. Rd2 Qb1 40. Qxf3 Re8 41. Rd7 1-0

[Event "GER-ch 83rd"]
[Site "Osterburg"]
[Date "2012.03.08"]
[Round "7"]
[White "Reipsch, Jens"]
[Black "Amos, Frank"]
[Result "1-0"]
[WhiteElo "2217"]
[BlackElo "2162"]
[PlyCount "123"]
[EventDate "2012.03.02"]
[EventType "swiss"]
[EventRounds "9"]
[EventCountry "GER"]
[SourceTitle "CBM 147 Extra"]
[Source "ChessBase"]
[SourceDate "2012.04.24"]
[SourceVersion "1"]
[SourceVersionDate "2012.04.24"]
[SourceQuality "1"]

1. e4 e5 2. Nf3 Nc6 3. Bc4 Bc5 4. c3 Nf6 5. d4 exd4 6. cxd4 Bb4+ 7. Bd2 Bxd2+ 8. Nbxd2 d5 9. exd5 Nxd5 10. Qb3 Nce7 11. a4 a5 12. 0-0 0-0 13. Ne5 f6 14. Nef3 Kh8 15. Ne4 Nb4 16. Nc5 Ned5 17. Rfe1 b6 18. Ne6 Bxe6 19. Rxe6 Qd7 20. Rae1 c6 21. Bxd5 Nxd5 22. Qc2 Rac8 23. Qe4 Kg8 24. h4 Qf7 25. Nd2 Qg6 26. Nc4 Qxe4 27. R1xe4 h5 28. g3 Rc7 29. Kg2 Kh7 30. Kf3 Rb8 31. Re2 Nb4 32. Re7 Rxe7 33. Rxe7 b5 34. axb5 Rxb5 35. Nd6 Rd5 36. Ne8 Rxd4 37. Rxg7+ Kh6 38. Ra7 Rd5 39. g4 hxg4+ 40. Kxg4 f5+ 41. Kg3 Nd3 42. Nf6 f4+ 43. Kf3 Rb5 44. Ng4+ Kh5 45. Rh7+ Kg6 46. Rh6+ Kg7 47. Rxc6 Nxb2 48. Kxf4 a4 49. Ra6 Nd3+ 50. Kg3 Rb3 51. f3 a3 52. h5 Ne1 53. h6+ Kh8 54. Ra8+ Kh7 55. Ra7+ Kh8 56. Ne5 Rb6 57. Rxa3 Nc2 58. Ra7 Nd4 59. Kg4 Rf6 60. f4 Nc6 61. Kg5 Rxh6 62. Rc7 1-0

[Event "GER-ch 83rd"]
[Site "Osterburg"]
[Date "2012.03.06"]
[Round "5"]
[White "Amos, Frank"]
[Black "Schuetze, Norman"]
[Result "0-1"]
[WhiteElo "2162"]
[BlackElo "2258"]
[PlyCount "78"]
[EventDate "2012.03.02"]
[EventType "swiss"]
[EventRounds "9"]
[EventCountry "GER"]
[SourceTitle "CBM 147 Extra"]
[Source "ChessBase"]
[SourceDate "2012.04.24"]
[SourceVersion "1"]
[SourceVersionDate "2012.04.24"]
[SourceQuality "1"]

1. e4 g6 2. Nc3 Bg7 3. g3 c5 4. Bg2 Nc6 5. d3 d6 6. f4 e6 7. Nf3 Nge7 8. 0-0 0-0 9. Be3 b6 10. d4 Ba6 11. Rf2 cxd4 12. Nxd4 Nxd4 13. Bxd4 e5 14. Be3 exf4 15. gxf4 Bxc3 16. bxc3 d5 17. exd5 Nf5 18. Bd4 Qh4 19. Be4 Nh6 20. Bd3 Bb7 21. c4 Rae8 22. Qf3 Ng4 23. Rg2 Bc8 24. Qg3 Qxg3 25. Rxg3 Nh6 26. c5 Nf5 27. Bxf5 Bxf5 28. cxb6 axb6 29. Bxb6 Rc8 30. c3 Rfe8 31. Kf2 Re4 32. Rf3 Bg4 33. Bd4 Rd8 34. Re3 Rxf4+ 35. Kg3 g5 36. Rb1 h5 37. h4 Bf5 38. Re5 Rg4+ 39. Kf3 Bxb1 0-1

[Event "Gibraltar Masters 10th"]
[Site "Caleta"]
[Date "2012.01.28"]
[Round "5"]
[White "Amos, Frank"]
[Black "Forsaa, Elise"]
[Result "1-0"]
[WhiteElo "2171"]
[BlackElo "1770"]
[PlyCount "121"]
[EventDate "2012.01.24"]
[EventType "swiss"]
[EventRounds "10"]
[EventCountry "GGB"]
[SourceTitle "CBM 147"]
[Source "ChessBase"]
[SourceDate "2012.03.16"]
[SourceVersion "1"]
[SourceVersionDate "2012.03.16"]
[SourceQuality "1"]

1. e4 c5 2. Nf3 e6 3. d4 cxd4 4. Nxd4 a6 5. Bd3 Qc7 6. 0-0 Nf6 7. c3 b5 8. Qe2 d6 9. a4 bxa4 10. Rxa4 Bb7 11. Nd2 Be7 12. N2b3 0-0 13. Na5 Bc8 14. Bd2 Nbd7 15. b4 Ne5 16. Bc2 Bd7 17. Ra2 Bb5 18. Nxb5 axb5 19. Rfa1 Rab8 20. f4 Nc6 21. Bd3 Rfc8 22. h3 e5 23. g3 g6 24. Nxc6 Qxc6 25. Ra6 Qd7 26. Kh2 Rc7 27. Qe3 exf4 28. gxf4 Bf8 29. Ra8 Qc8 30. Rxb8 Qxb8 31. Qd4 Ne8 32. Qd5 Nf6 33. Qa8 Rb7 34. Qxb8 Rxb8 35. Ra5 Bg7 36. Kg2 d5 37. e5 Ne4 38. Bxe4 dxe4 39. Be3 f6 40. Bd4 fxe5 41. fxe5 Rb7 42. Kf2 Bh6 43. e6 Kf8 44. Bc5+ Kg7 45. Ra8 Bg5 46. Bf8+ Kf6 47. e7 Rxe7 48. Bxe7+ Kxe7 49. Rb8 Bd2 50. Rxb5 Bxc3 51. Ke3 Kd6 52. Kxe4 Be1 53. Rd5+ Ke6 54. b5 Bf2 55. Rd2 Bb6 56. Rc2 Kd7 57. Kd5 g5 58. Rc6 Bf2 59. b6 h5 60. b7 Bg3 61. Rc8 1-0

[Event "Gibraltar Masters 10th"]
[Site "Caleta"]
[Date "2012.01.27"]
[Round "4"]
[White "Wantiez, Fabrice"]
[Black "Amos, Frank"]
[Result "1-0"]
[WhiteElo "2366"]
[BlackElo "2171"]
[PlyCount "45"]
[EventDate "2012.01.24"]
[EventType "swiss"]
[EventRounds "10"]
[EventCountry "GGB"]
[SourceTitle "CBM 147"]
[Source "ChessBase"]
[SourceDate "2012.03.16"]
[SourceVersion "1"]
[SourceVersionDate "2012.03.16"]
[SourceQuality "1"]

1. e4 e5 2. Nf3 Nc6 3. Bb5 a6 4. Ba4 Nf6 5. 0-0 Nxe4 6. d4 b5 7. Bb3 d5 8. dxe5 Be6 9. Nbd2 Be7 10. c3 Bg4 11. Nxe4 dxe4 12. Qd5 0-0 13. Qxe4 Bxf3 14. gxf3 Na5 15. Bc2 g6 16. Bh6 Re8 17. f4 Nc4 18. Rad1 Qc8 19. f5 Bd6 20. e6 Ne5 21. f4 Nc4 22. exf7+ Kxf7 23. fxg6+ 1-0